000 00814cam a2200313 a 4500
001 22640
003 SK-KTurca
005 20260409092211.0
008 110817s2010 xo d 000 f slo d
015 _aSNBA2011/04-02213
020 _a9788089482016 (viaz.)
035 _a(VRT)vtls010120744
040 _aPPPK
_bslo
_cUKB
_dSNK
_eAACR2
041 0 _aslo
044 _axo
_cSK
072 7 _a821.162.4-3
_xSlovenská próza
_2konspekt
080 _a821.162.4-31
_22004
080 _a(0:82-31)
_22004
100 1 _aFilipová, Laura
245 1 0 _aMilenky
_cLaura Filipová
250 _a1. vyd.
260 _a[Bratislava]
_bMotýľ
_c2010
300 _a206 s.
653 _a821.162.4-31
653 _a(0:82-31)
655 7 _aslovenské romány
_2UKBPH
942 _2ddc
_cKLDO
_n0
980 _a821.162.4-31
999 _c22640
_d22640